Felix Petancic's Historia Turcica

Titel: Felix Petancic's Historia Turcica : A Central European View of the Ottoman Empire? / Alberto Saviello
Verfasser:
In: Osmanischer Orient und Ostmitteleuropa, (2014), Seite 131-156
alle Artikel anzeigen
Veröffentlicht: 2014
Umfang: 12 Illustrationen
Format: Aufsatz
Sprache: Englisch
Schlagworte:
Kein Bild verfügbar
X
alg: 42408509
001A    $03025:20-12-17 
001B    $01999:20-12-17 $t22:49:11.000 
001C    $03025:20-12-17 $t09:55:27.000 
001D    $03025:20-12-17 
001U    $0utf8 
001X    $00 
002@    $0Aou 
002C    $aText $btxt $2rdacontent 
002D    $aohne Hilfsmittel zu benutzen $bn $2rdamedia 
002E    $aBand $bnc $2rdacarrier 
003@    $0424085097 
007A    $0424085097 $aHEB 
010@    $aeng 
010E    $erda 
011@    $a2014 
021A    $aFelix Petancic's Historia Turcica $dA Central European View of the Ottoman Empire? $hAlberto Saviello 
028A    $BVerfasser $#Saviello, A. $4aut $71105851427 $8Saviello, Alberto [Tp3] $9383977673 
031A    $h131-156 $j2014 
034M    $a12 Illustrationen 
039B    $aEnthalten in $8--Aau--. Osmanischer Orient und Ostmitteleuropa. - Stuttgart : Steiner, 2014. - 336 Seiten. - Illustrationen, Karten. - ISBN 3-515-10848-3 $x201400000000000869 $9348926014 
044K    $#Petancius, Felix B. $#Petantzi, Felix $#Petanzi, Felix $#Petancić, Feliks $#Petancius, Felix $#Petantius, Felix $7119026929 $8Petančić, Feliks$Z1455-1517 [Tp1] $9087367181 
044K    $RTürkei $#Osmanisches Reich $#Osmanisches Reich $#Ottomanisches Reich $#Empire Ottoman $#Daulat-i ʿAlīya-i ʿUṯmānīya $#Devlet-i Aliye Osmaniye $#Hohe Pforte $#Staat Pforte $#Bâb-ı Âlî $#Sublime Porte $#Bâb-ı Âsafî $#Hükumet Kapısı $#Vysokaja Porta $#Blistatelʾnaja Porta $#Paşa Kapısı $#Ottomannische Pforte $#Othōmanikē Autokratoria $#Osmanlı İmperatorluğu $74075720-1 $8Osmanisches Reich [Tg1] $9085214280 
044K    $RVorurteil $RBild $RStereotypisierung $#Stereotypes (Social psychology) $#Stéréotype (psychologie) $#Stereotyp $#Stereotyp $#Sozialstereotyp $#Stereotypen $74057329-1 $8Stereotyp [Ts1] $9085159530 
045R    $aGeschichte 1450-1550 

lok: 42408509 78

exp: 42408509 78 1 #EPN
201B/01 $020-12-17 $t09:51:36.000 
201C/01 $020-12-17 
201U/01 $0utf8 
203@/01 $01013085566 
208@/01 $a20-12-17 $be 
209A/01 $a/ $f000 $x00 
209A/01 $ab*p $x01 
220C/01 $apgar 
244Z/01 $#Ostmitteleuropa $#Ostmitteleuropa $#Mitteleuropa, Ost $#Central Europe Ostmitteleuropa $#Mittelosteuropa $74075753-5 $8--Tg1--Ostmitteleuropa $x01 $9085214485 
244Z/01 $#Ungarn $#Ungarn $#Ungarische Räterepublik $#Königreich Ungarn $#Die @Länder der ungarischen Krone $#Transleithanien $#Magyarország $#Magyar Köztársaság $#Magyar Tanácsköztársaság $#Government of the Hungarian Republic $#Zemalja Ugarske Krune $#VNR $#Ungern $#Ungarische Republik $#Republik Ungarn $#Ungarische Volksrepublik $#Volksrepublik Ungarn $#Magyar Népköztársaság $#Hungary $#Hungarian Republic $#Hongrie $#Vengerskaja Narodnaja Respublika $#Hungarian People's Republic $#HPR Hungarian People's Republic $#République Populaire Hongroise $#Ungarische VR $#Republic of Hungary $#Vengrija $74078541-5 $8--Tgz--Ungarn $x02 $9085222712 
247C/01 $82080>Marburg/Lahn, Herder-Institut, Forschungsbibliothek, Bibliographieportal $9336309341
LEADER 00000caa a2200000 c 4500
001 424085097
003 DE-603
005 20171220224911.0
007 tu
008 171220s2014 xx |||| | u00||u|eng c
035 |a (DE-599)HEB424085097 
040 |a DE-603  |b ger  |c DE-603  |d DE-603  |e rda 
041 |a eng 
100 1 |a Saviello, Alberto  |e Verfasser  |4 aut  |0 (DE-603)383977673  |0 (DE-588)1105851427  |2 gnd 
245 0 0 |a Felix Petancic's Historia Turcica  |b A Central European View of the Ottoman Empire?  |c Alberto Saviello 
264 0 |c 2014 
300 |b 12 Illustrationen 
336 |a Text  |b txt  |2 rdacontent 
337 |a ohne Hilfsmittel zu benutzen  |b n  |2 rdamedia 
338 |a Band  |b nc  |2 rdacarrier 
600 1 7 |a Petančić, Feliks  |d 1455-1517  |0 (DE-588)119026929  |0 (DE-603)087367181  |2 gnd 
648 7 |a Geschichte 1450-1550  |2 gnd 
650 7 |a Stereotyp  |0 (DE-588)4057329-1  |0 (DE-603)085159530  |2 gnd 
651 7 |a Osmanisches Reich  |0 (DE-588)4075720-1  |0 (DE-603)085214280  |2 gnd 
773 0 8 |i Enthalten in  |t Osmanischer Orient und Ostmitteleuropa  |d Stuttgart : Steiner, 2014  |h 336 Seiten, Illustrationen, Karten  |z 3515108483  |z 9783515108485  |g (2014), Seite 131-156  |w (DE-603)348926014 
924 0 |9 2080  |a (DE-603)1013085566  |b DE-2080  |c HES  |d d  |g /